Sustainability focus (Record no. 75847)
[ view plain ]
| 000 -LEADER | |
|---|---|
| fixed length control field | 01410cab a2200205 4500 |
| 001 - CONTROL NUMBER | |
| control field | L130863 |
| 008 - FIXED-LENGTH DATA ELEMENTS--GENERAL INFORMATION | |
| fixed length control field | 050908n2005 000 0 eng u |
| 035 ## - SYSTEM CONTROL NUMBER | |
| System control number | (Sirsi) u130863 |
| 041 0# - LANGUAGE CODE | |
| Language code of text/sound track or separate title | eng |
| 245 ## - TITLE STATEMENT | |
| Title | Sustainability focus |
| 260 ## - PUBLICATION, DISTRIBUTION, ETC. | |
| Date of publication, distribution, etc. | 2005 |
| 490 ## - SERIES STATEMENT | |
| Series statement | House Builder |
| Volume/sequential designation | 64(8) September 2005, 25-37(8) |
| 520 ## - SUMMARY, ETC. | |
| Summary, etc. | A group of articles discuss the impact of the sustainability agenda on the house building industry. "Serious business" reports how improving their sustainability credentials can make good business sense for house builders as more prospective homebuyers are becoming concerned with the environmental performance of homes and government policy is focusing on sustainable communities and buildings. "Consult and survive" explains how important effective community consultation is for building developers' reputations and advises on how to go about it."Go west" looks at how Berkeley Homes are putting sustainability into practice at two of their latest London schemes - West 3 in Acton and Royal Arsenal in Woolwich. "Home grown " considers what part manufacturers and suppliers such as Kingspan, Jewson and Ibstock are playing in the industry's sustainability and social corporate responsibility agendas. |
| 590 ## - LOCAL NOTE (RLIN) | |
| Local note | IKA130905 |
| 690 ## - LOCAL SUBJECT ADDED ENTRY--TOPICAL TERM (OCLC, RLIN) | |
| Topical term or geographic name as entry element | BUILT ENVIRONMENT-SUSTAINABLE CONSTRUCTION |
| 700 ## - ADDED ENTRY--PERSONAL NAME | |
| Personal name | Smulian, Mark |
| 700 ## - ADDED ENTRY--PERSONAL NAME | |
| Personal name | Windle, Chris |
| 700 ## - ADDED ENTRY--PERSONAL NAME | |
| Personal name | Curtin, Tom |
| 942 ## - ADDED ENTRY ELEMENTS (KOHA) | |
| Suppress in OPAC | 0 |
| Withdrawn status | Lost status | Source of classification or shelving scheme | Damaged status | Not for loan | Home library | Current library | Shelving location | Date acquired | Total Checkouts | Full call number | Barcode | Date last seen | Copy number | Price effective from | Koha item type |
|---|---|---|---|---|---|---|---|---|---|---|---|---|---|---|---|
| Dewey Decimal Classification | London | London | Journal article | 08/09/2005 | L130863 | 130863-1001 | 06/08/2019 | 1 | 06/08/2019 | Journal article |